Online katalóg knižníc regiónu Turca

Odkryté dejiny. (Staré Slovensko). (Record no. 20402)

MARC details
000 -LEADER
fixed length control field 00614nam a2200217 a 4500
001 - CONTROL NUMBER
control field 20402
003 - CONTROL NUMBER IDENTIFIER
control field VRT
005 - DATE AND TIME OF LATEST TRANSACTION
control field 20260122113648.0
008 - FIXED-LENGTH DATA ELEMENTS--GENERAL INFORMATION
fixed length control field 250401s1975 xo 000 u slo c
035 ## - SYSTEM CONTROL NUMBER
System control number TFKE032197
039 #9 - LEVEL OF BIBLIOGRAPHIC CONTROL AND CODING DETAIL [OBSOLETE]
Level of rules in bibliographic description 202504011425
Level of effort used to assign nonsubject heading access points VLOAD
Level of effort used to assign subject headings 202104261748
Level of effort used to assign classification AUTHORITY
040 ## - CATALOGING SOURCE
Original cataloging agency KURUKTKE
Language of cataloging slo
Transcribing agency SNK
Description conventions AACR2
041 0# - LANGUAGE CODE
Language code of text/sound track or separate title slo
044 ## - COUNTRY OF PUBLISHING/PRODUCING ENTITY CODE
MARC country code xo
ISO country code SK
100 1# - MAIN ENTRY--PERSONAL NAME
Personal name Dvořák, Pavel,
Dates associated with a name 1937-2018
245 10 - TITLE STATEMENT
Title Odkryté dejiny. (Staré Slovensko).
260 ## - PUBLICATION, DISTRIBUTION, ETC.
Place of publication, distribution, etc. Bratislava
Name of publisher, distributor, etc. Nakladateľstvo Pravda
Date of publication, distribution, etc. 1975
300 ## - PHYSICAL DESCRIPTION
Extent 362 s.
942 ## - ADDED ENTRY ELEMENTS (KOHA)
Source of classification or shelving scheme Dewey Decimal Classification
Koha item type Odborná literatúra pre dospelých
Suppress in OPAC No
949 ## - LOCAL PROCESSING INFORMATION (OCLC)
6 3822020939
a kuruktkeD-1537
b kuruktke2006/020939
Holdings
Stav vyradenia Strata Poškodenie Spôsob nadobudnutia Domovská knižnica Aktuálna knižnica Dátum nadobudnutia Total checkouts Čiarový kód exemplára Date last seen Typ exemplára
      Dar Obecná knižnica Horná Štubňa Obecná knižnica Horná Štubňa 22.01.2026   4736200430 22.01.2026 Odborná literatúra pre dospelých
Projekt je podporený Slovenskou asociáciou knižníc
Prevádzkuje Turčianska knižnica Martin 2026